Kaplan & Sadock's Pocket Handbook of Clinical Psychiatry / (Record no. 595529)

000 -LEADER
fixed length control field 00462nam a22001337a 4500
082 ## - DEWEY DECIMAL CLASSIFICATION NUMBER
Classification number 616.89
Author Mark SAD
100 ## - MAIN ENTRY--PERSONAL NAME
Personal name Sadock, Benjamin J.; Ahmad, Samoon; Sadock, Virginia A.
9 (RLIN) 114136
245 ## - TITLE STATEMENT
Title Kaplan & Sadock's Pocket Handbook of Clinical Psychiatry /
Statement of responsibility, etc. Benjamin J. Sadock; Samoon Ahmad; Virginia A. Sadock
250 ## - EDITION STATEMENT
Edition statement 6th Edition.
260 ## - PUBLICATION, DISTRIBUTION, ETC.
Place of publication, distribution, etc. Philadelphia :
Name of publisher, distributor, etc. Wolters Kluwer,
Date of publication, distribution, etc. 2019.
300 ## - PHYSICAL DESCRIPTION
Extent 466 p. ;
Other physical details ill,
Dimensions 24 cm.
563 ## - BINDING INFORMATION
Binding note PBK.
942 ## - ADDED ENTRY ELEMENTS (KOHA)
Source of classification or shelving scheme
Koha item type Book
Holdings
Withdrawn status Lost status Source of classification or shelving scheme Damaged status Not for loan Permanent Location Current Location Shelving location Date acquired Source of acquisition Cost, normal purchase price Full call number Barcode Date last seen Copy number Cost, replacement price Price effective from Koha item type
          NUST School of Health Sciences (NSHS) NUST School of Health Sciences (NSHS) General Stacks 08/16/2023 Prince Books 6950.00 616.89 SAD NSHS-1612 08/16/2023 c.1 13900.00 08/16/2023 Book
          NUST School of Health Sciences (NSHS) NUST School of Health Sciences (NSHS) General Stacks 08/16/2023 Prince Books 6950.00 616.89 SAD NSHS-1613 08/16/2023 c.2 13900.00 08/16/2023 Book
© 2023 Central Library, National University of Sciences and Technology. All Rights Reserved.